书目信息 |
| 题名: |
盛世长歌
|
|
| 作者: | 马兆锋 编著 | |
| 分册: | ||
| 出版信息: | 北京 北京工业大学出版社 2014 |
|
| 页数: | 14, 567页 | |
| 开本: | 24cm | |
| 丛书名: | ||
| 单 册: | ||
| 中图分类: | K241.09 , K243.109 | |
| 科图分类: | ||
| 主题词: | 隋唐时代--历史--通俗读物 , 五代(907-960)--历史--通俗读物 | |
| 电子资源: | ||
| ISBN: | 978-7-5639-3734-9 | |
| 000 | 00958nam0 2200277 450 | |
| 001 | 338859 | |
| 005 | 20150603103437.89 | |
| 010 | @a978-7-5639-3734-9@b精装@dCNY62.00 | |
| 100 | @a20140310d2014 em y0chiy50 ea | |
| 101 | 0 | @achi |
| 102 | @aCN@b110000 | |
| 105 | @aa z 000yy | |
| 106 | @ar | |
| 200 | 1 | @a盛世长歌@Asheng shi chang ge@e走向巅峰的隋唐五代@f马兆锋编著 |
| 210 | @a北京@c北京工业大学出版社@d2014 | |
| 215 | @a14, 567页@c图@d24cm | |
| 300 | @a华夏文明史话 | |
| 330 | @a本书对隋唐五代的历史做了粗略勾勒, 全景展示了隋唐五代时期的政治、军事、经济及社会生活等各个方面, 揭示了这一时期历史的基本面貌和社会发展脉络。 | |
| 517 | 1 | @a走向巅峰的隋唐五代@Azou xiang dian feng de sui tang wu dai |
| 606 | 0 | @a隋唐时代@x历史@j通俗读物 |
| 606 | 0 | @a五代(907-960)@x历史@j通俗读物 |
| 690 | @aK241.09@v5 | |
| 690 | @aK243.109@v5 | |
| 701 | 0 | @a马兆锋@Ama zhao feng@f(1977)@4编著 |
| 801 | 0 | @aCN@b卓展宏图@c20150525 |
| 905 | @dK241.09@e3@f5 | |
| 盛世长歌:走向巅峰的隋唐五代/马兆锋编著.-北京:北京工业大学出版社,2014 |
| 14, 567页:图;24cm |
| 华夏文明史话 |
| ISBN 978-7-5639-3734-9(精装):CNY62.00 |
| 本书对隋唐五代的历史做了粗略勾勒, 全景展示了隋唐五代时期的政治、军事、经济及社会生活等各个方面, 揭示了这一时期历史的基本面貌和社会发展脉络。 |
| ● |
| 相关链接 |
|
|
|
|
正题名:盛世长歌
索取号:K241.09/3
 
预约/预借
| 序号 | 登录号 | 条形码 | 馆藏地/架位号 | 状态 | 备注 |
| 1 | 860893 | 208608933 | 第二样本阅览室/ [索取号:K241.09/3] | 在馆 | |
| 2 | 860894 | 208608942 | 第二借阅区/ [索取号:K241.09/3] | 在馆 | |
| 3 | 860895 | 208608951 | 第二借阅区/ [索取号:K241.09/3] | 在馆 | |
| 4 | 860896 | 208608960 | 第二借阅区/ [索取号:K241.09/3] | 在馆 | |
| 5 | 860897 | 208608979 | 密集书库-史法系/ [索取号:K241.09/3] | 在馆 |